000
00339nam a2200157Ia 4500
008
210210b1949 xxu||||| |||| 00| 0 eng d
041
_a
eng
082
_a
881/13
100
_a
BHARTRIHARI
245
_a
Niti sataka
260
_a
Bombay
_b
-
_c
1949
650
_a
sataka
650
_a
Niti
690
_a
Sanskrit Poetry
906
_a
024185
999
_c
149532
_d
149532